| 000 -LEADER |
| fixed length control field |
01031nam a2200253Ia 4500 |
| 001 - CONTROL NUMBER |
| control field |
11064 |
| 003 - CONTROL NUMBER IDENTIFIER |
| control field |
GE_BSU |
| 005 - DATE AND TIME OF LATEST TRANSACTION |
| control field |
20221117112359.0 |
| 008 - FIXED-LENGTH DATA ELEMENTS--GENERAL INFORMATION |
| fixed length control field |
181216s2007en xx |||||||||||||| ||eng|| |
| 020 ## - INTERNATIONAL STANDARD BOOK NUMBER |
| International Standard Book Number |
9781402060120(e-book) x |
| 040 ## - CATALOGING SOURCE |
| Transcribing agency |
GE_BSU |
| 041 ## - LANGUAGE CODE |
| Language code of text/sound track or separate title |
eng |
| 080 ## - UNIVERSAL DECIMAL CLASSIFICATION NUMBER |
| Universal Decimal Classification number |
378.4 Q 12 |
| 245 ## - TITLE STATEMENT |
| Title |
QUALITY ASSURANCE IN HIGHER EDUCATION : |
| Remainder of title |
Trends in Regulation,Translation and Transformation / |
| Statement of responsibility, etc. |
Edited by : DONF.WESTERHEIJDEN; BJORN STENSAKER and MARIA JOAO ROSA. |
| 264 ## - PRODUCTION, PUBLICATION, DISTRIBUTION, MANUFACTURE, AND COPYRIGHT NOTICE |
| Place of production, publication, distribution, manufacture |
USA : |
| Name of producer, publisher, distributor, manufacturer |
Springer, |
| Date of production, publication, distribution, manufacture, or copyright notice |
2007. |
| 300 ## - PHYSICAL DESCRIPTION |
| Extent |
262 p .: |
| Other physical details |
25 cm. |
| 653 ## - INDEX TERM--UNCONTROLLED |
| keyword |
QUALITY ASSURANCE IN HIGHER EDUCATION. |
| 653 ## - INDEX TERM--UNCONTROLLED |
| keyword |
ხარისხის უზრუნველყოფა უმაღლეს განათლებაში. |
| 653 ## - INDEX TERM--UNCONTROLLED |
| keyword |
ტემპუსის პროექტით |
| 700 ## - ADDED ENTRY--PERSONAL NAME |
| Personal name |
WESTERHEIJDEN, DONF |
| Relator term |
რედაქტორი |
| 9 (RLIN) |
15879 |
| 700 ## - ADDED ENTRY--PERSONAL NAME |
| Personal name |
STENSAKER, BJORN |
| Relator term |
რედაქტორი |
| 9 (RLIN) |
15880 |
| 700 ## - ADDED ENTRY--PERSONAL NAME |
| Personal name |
ROSA JOAO, MARIA |
| Relator term |
რედაქტორი |
| 9 (RLIN) |
15881 |
| 942 ## - ADDED ENTRY ELEMENTS (KOHA) |
| Koha item type |
წიგნი |
| Source of classification or shelving scheme |
|